|
|
|
|
| LEADER |
00000cam a2200000 c 4500 |
| 001 |
1650783310 |
| 003 |
DE-627 |
| 005 |
20260206152028.0 |
| 007 |
tu |
| 008 |
900521s1990 gw ||||| 00| ||ger c |
| 015 |
|
|
|a 90,N18,0152
|2 dnb
|
| 015 |
|
|
|a 90,N18,0152
|2 dnb
|
| 016 |
7 |
|
|a 900683961
|2 DE-101
|
| 020 |
|
|
|a 3428068580
|9 3-428-06858-0
|
| 035 |
|
|
|a (DE-627)1650783310
|
| 035 |
|
|
|a (DE-603)012381888
|
| 035 |
|
|
|a (DE-576)020507178
|
| 035 |
|
|
|a (DE-599)DNB900683961
|
| 035 |
|
|
|a (OCoLC)231035326
|
| 035 |
|
|
|a (OCoLC)32660440
|
| 040 |
|
|
|a DE-627
|b ger
|c DE-627
|e rda
|
| 041 |
|
|
|a ger
|h eng
|
| 044 |
|
|
|c XA-DE
|
| 084 |
|
|
|a 19
|a 10
|a 11
|2 sdnb
|
| 084 |
|
|
|a 19
|a 10
|2 sdnb
|
| 084 |
|
|
|a PI 3590
|2 rvk
|0 (DE-625)rvk/136614:
|
| 084 |
|
|
|a PU 5310
|2 rvk
|0 (DE-625)rvk/140627:
|
| 084 |
|
|
|a PI 3580
|2 rvk
|0 (DE-625)rvk/136613:
|
| 100 |
1 |
|
|a Calabresi, Guido
|d 1932-
|e VerfasserIn
|0 (DE-588)170394352
|0 (DE-627)060478071
|0 (DE-576)160509424
|4 aut
|
| 109 |
|
|
|a Calabresi, Guido 1932-
|
| 240 |
1 |
0 |
|a Ideals, beliefs, attitudes, and the law
|
| 245 |
1 |
0 |
|a Ideale, Überzeugungen, Einstellungen und ihr Verhältnis zum Recht
|c von Guido Calabresi ; aus dem Amerikanischen übersetzt von Sigmund P. Martin
|
| 264 |
|
1 |
|a Berlin
|b Duncker & Humblot
|c 1990
|
| 300 |
|
|
|a 169 Seiten
|
| 336 |
|
|
|a Text
|b txt
|2 rdacontent
|
| 337 |
|
|
|a ohne Hilfsmittel zu benutzen
|b n
|2 rdamedia
|
| 338 |
|
|
|a Band
|b nc
|2 rdacarrier
|
| 490 |
1 |
|
|a Schriftenreihe zur Rechtssoziologie und Rechtstatsachenforschung
|v 70
|
| 650 |
0 |
7 |
|0 (DE-588)4186657-5
|0 (DE-627)105277878
|0 (DE-576)210040602
|a Überzeugung
|2 gnd
|
| 650 |
0 |
7 |
|0 (DE-588)4048737-4
|0 (DE-627)106189719
|0 (DE-576)20907907X
|a Recht
|2 gnd
|
| 650 |
0 |
7 |
|0 (DE-588)4048737-4
|0 (DE-627)106189719
|0 (DE-576)20907907X
|a Recht
|2 gnd
|
| 650 |
0 |
7 |
|0 (DE-588)4161197-4
|0 (DE-627)10547181X
|0 (DE-576)209863900
|a Ideal
|2 gnd
|
| 651 |
|
7 |
|0 (DE-588)4078704-7
|0 (DE-627)106076612
|0 (DE-576)209209682
|a Usa
|2 gnd
|
| 651 |
|
7 |
|0 (DE-588)4078704-7
|0 (DE-627)106076612
|0 (DE-576)209209682
|a Usa
|2 gnd
|
| 689 |
0 |
0 |
|d g
|0 (DE-588)4078704-7
|0 (DE-627)106076612
|0 (DE-576)209209682
|a USA
|2 gnd
|
| 689 |
0 |
1 |
|d s
|0 (DE-588)4186657-5
|0 (DE-627)105277878
|0 (DE-576)210040602
|a Überzeugung
|2 gnd
|
| 689 |
0 |
2 |
|d s
|0 (DE-588)4048737-4
|0 (DE-627)106189719
|0 (DE-576)20907907X
|a Recht
|2 gnd
|
| 689 |
0 |
|
|5 DE-101
|
| 689 |
1 |
0 |
|d g
|0 (DE-588)4078704-7
|0 (DE-627)106076612
|0 (DE-576)209209682
|a USA
|2 gnd
|
| 689 |
1 |
1 |
|d s
|0 (DE-588)4161197-4
|0 (DE-627)10547181X
|0 (DE-576)209863900
|a Ideal
|2 gnd
|
| 689 |
1 |
2 |
|d s
|0 (DE-588)4048737-4
|0 (DE-627)106189719
|0 (DE-576)20907907X
|a Recht
|2 gnd
|
| 689 |
1 |
|
|5 DE-101
|
| 700 |
1 |
|
|a Martin, Sigmund P.
|e ÜbersetzerIn
|0 (DE-588)1082393282
|0 (DE-627)847447936
|0 (DE-576)455394695
|4 trl
|
| 830 |
|
0 |
|a Schriftenreihe zur Rechtssoziologie und Rechtstatsachenforschung
|v 70
|9 70
|w (DE-627)130189243
|w (DE-576)015732827
|w (DE-600)528915-4
|x 0720-7514
|7 am
|
| 856 |
4 |
2 |
|u https://www.gbv.de/dms/mpib-toc/1650783310.pdf
|m V:DE-601
|m B:B-1532
|q pdf/application
|v 2023-04-07
|3 Inhaltsverzeichnis
|7 1
|
| 889 |
|
|
|w (DE-627)025670298
|
| 935 |
|
|
|i mdedup
|
| 936 |
r |
v |
|a PI 3590
|b Rechtsbewusstsein, Rechtsgefühl
|k Rechtswissenschaft
|k Allgemeine Rechtslehre und Rechtstheorie, Rechts- und Staatsphilosophie, Rechtssoziologie
|k Zweck und Ziel des Rechts, Wertlehre
|k Rechtsbewusstsein, Rechtsgefühl
|0 (DE-627)127126630X
|0 (DE-625)rvk/136614:
|0 (DE-576)20126630X
|
| 936 |
r |
v |
|a PU 5310
|b Rechtsphilosophie
|k Rechtswissenschaft
|k Ausländisches Privatrecht, Privatrechtsvergleichung und -vereinheitlichung
|k Einzelne Länder
|k USA
|k Rechtsphilosophie
|0 (DE-627)1271447215
|0 (DE-625)rvk/140627:
|0 (DE-576)201447215
|
| 936 |
r |
v |
|a PI 3580
|b Sittlichkeit, Ethik, Moral, Gewissen
|k Rechtswissenschaft
|k Allgemeine Rechtslehre und Rechtstheorie, Rechts- und Staatsphilosophie, Rechtssoziologie
|k Zweck und Ziel des Rechts, Wertlehre
|k Sittlichkeit, Ethik, Moral, Gewissen
|0 (DE-627)1271266296
|0 (DE-625)rvk/136613:
|0 (DE-576)201266296
|
| 936 |
s |
n |
|a p100
|2 mzub
|
| 936 |
s |
n |
|a c100
|2 mzub
|
| 951 |
|
|
|a BO
|
| ELC |
|
|
|b 1
|
| LOK |
|
|
|0 000 xxxxxcx a22 zn 4500
|
| LOK |
|
|
|0 001 3338625448
|
| LOK |
|
|
|0 003 DE-627
|
| LOK |
|
|
|0 004 1650783310
|
| LOK |
|
|
|0 005 20151116140040
|
| LOK |
|
|
|0 008 150728||||||||||||||||ger|||||||
|
| LOK |
|
|
|0 035
|a (DE-21-110)kd9345
|
| LOK |
|
|
|0 040
|a DE-21-110
|c DE-627
|d DE-21-110
|
| LOK |
|
|
|0 689
|a s
|a Rechtstheorie
|
| LOK |
|
|
|0 852
|z Kein Bestand am IfK; Nachweis für KrimDok
|
| LOK |
|
|
|0 852
|a DE-21-110
|
| LOK |
|
|
|0 852 1
|9 00
|
| LOK |
|
|
|0 935
|a k110
|
| LOK |
|
|
|0 939
|a 28-07-15
|b l01
|
| ORI |
|
|
|a SA-MARC-krimdoka001.raw
|